000
00341nam a2200157Ia 4500
003
Ost
005
20260225132539.0
008
260225s9999||||xx |||||||||||||| ||und||
040
_c
fsic
041
_a
fre
082
_a
70.43
100
_a
Tekhne
_e
Auteur
245
0
_a
Médias,le livre des livres /
245
0
_c
Tekhne
942
_c
كتاب
999
_c
33422
_d
33422